01464nab a2200241 i 4500001000400000003000400004005001700008008003900025040000800064080001000072100014500082245017300227260001000400500002100410520054100431650001800972650001300990650001601003773013901019942001301158999001501171952003601186BPPBPK20190606151714.0141024s1975 pl | | |000 ||pol cBPK a621.9 aKACALAK, Wojciech.d1970 - 1996.bWyższa Szkoła Inżynierska w Koszalinie - Instytut Techniki Wytwarzania,cZakład Obróbki Skrawaniem aEfektywność matematycznego planowania badań pól temperatur w procesie szlifowania powierzchni śrubowych na podstawie modelu teoretycznego /cWojciech Kacalak. c1975. aDane z autopsji. aMatematyczne planowanie badań wpływu parametrów szlifowania na przerost temperatury przedmiotu oparte zostało na modelu teoretycznym. Uzyskano dzięki temu dużą efektywność badań, tak w sensie dokładności przybliżenia jak również w sensie uproszczenia obliczeń. Kryterium optymalności planu doświadczeń była ortogonalność macierzy planowania. Wyznaczone zależności wskazują, że ze względu na odkształcenia cieplne przedmiotu korzystnie jest zwiększać jego prędkość obwodową. 0aPowierzchnia. 0aŚruby. 0aSzlifowanie iW :tZeszyty Naukowe Wyższej Szkoły Inżynierskiej w Koszalinie. Prace Instytutu Techniki Wytwarzania. -g1975, nr 1 [3], s. 29-44 cART2UKD c4483d4483 00104070aBPKbBPKo0100yART